| 000 | 00000nam 2200000zi 4500 |
| 001 | 9.912422 |
| 003 | CaOODSP |
| 005 | 20250106101733 |
| 006 | m o d f |
| 007 | cr |n||||||||| |
| 008 | 220617e20161115onca ob f000 0 fre d |
| 040 | |aCaOODSP|bfre|erda|cCaOODSP |
| 043 | |an-cn--- |
| 086 | 1 |aNR16-384/2016F-PDF |
| 245 | 00|aÉvaluation horizontale de l’Initiative de R-D en génomique : |brapport final / |cpréparé pour: Le Conseil national de recherches du Canada; préparé par: Goss Gilroy Inc. |
| 264 | 1|a[Ottawa] : |b[Conseil national de recherches Canada], |c15 novembre 2016. |
| 300 | |a1 ressource en ligne (vi, 127 pages) : |billustrations |
| 336 | |atexte|btxt|2rdacontent/fre |
| 337 | |ainformatique|bc|2rdamedia/fre |
| 338 | |aressource en ligne|bcr|2rdacarrier/fre |
| 500 | |aPublié aussi en anglais sous le titre : Horizontal evaluation of the Genomics R&D Initiative : final report. |
| 504 | |aComprend des références bibliographiques (pages 78-79). |
| 520 | |a« L’Initiative de recherche et développement en génomique (IRDG) a été lancée en 1999 et met actuellement en Ĺ“uvre sa sixième phase de financement. L’objectif du programme consiste à établir et à maintenir une capacité fondamentale de R-D en génomique dans les ministères et les organismes suivants : Agriculture et Agroalimentaire Canada (AAC), Environnement et Changement climatique Canada (ECCC), Pêches et Océans Canada (MPO), Santé Canada (SC), Agence de la santé publique du Canada (ASPC), Conseil national de recherches du Canada (CNRC), Ressources naturelles Canada (RNCan), Agence canadienne d’inspection des aliments (ACIA) – depuis la sixième phase » -- Sommaire, page i. |
| 650 | 0|aGénomique|zCanada|xÉvaluation. |
| 710 | 2 |aConseil national de recherches Canada, |eorganisme de publication. |
| 710 | 2 |aGoss Gilroy Inc. Conseillers en gestion, |econsultant. |
| 775 | 08|tHorizontal evaluation of the Genomics R&D Initiative : |w(CaOODSP)9.910712 |
| 856 | 40|qPDF|s1.53 Mo|uhttps://publications.gc.ca/collections/collection_2022/cnrc-nrc/NR16-384-2016-fra.pdf |